| 000 | 00554nam a22002417a 4500 | ||
|---|---|---|---|
| 005 | 20241126094124.0 | ||
| 008 | 160412b xxu||||| |||| 00| 0 spa d | ||
| 020 | _a9788420691947 | ||
| 041 | _aESP | ||
| 082 | _a843.89 V531i3 | ||
| 100 |
_aVerne, Julio _97877 |
||
| 245 | _aLa isla misteriosa | ||
| 250 | _a3 edición | ||
| 260 | _aEspaña | ||
| 260 | _bAlianza | ||
| 260 | _c2014 | ||
| 300 | _a758 páginas | ||
| 650 | _aLITERATURA FRANCESA | ||
| 650 | _aNOVELA FRANCESA | ||
| 650 | _aFICCIÓN | ||
| 650 | _aAVENTURAS | ||
| 942 |
_cLIT _2ddc |
||
| 999 |
_c7934 _d7934 |
||